<?xml version="1.0" encoding="UTF-8"?>
<record
    xmlns:xsi="http://www.w3.org/2001/XMLSchema-instance"
    xsi:schemaLocation="http://www.loc.gov/MARC21/slim http://www.loc.gov/standards/marcxml/schema/MARC21slim.xsd"
    xmlns="http://www.loc.gov/MARC21/slim">

  <leader>01831nam a2200205Ia 4500</leader>
  <controlfield tag="001">b6675-47629 </controlfield>
  <controlfield tag="003">IT-MiCISF</controlfield>
  <controlfield tag="008">161014s9999||||xx |||||||||||||| ||und||</controlfield>
  <datafield tag="040" ind1=" " ind2=" ">
    <subfield code="a">IT-MiCISF</subfield>
    <subfield code="c">IT-MiCISF</subfield>
  </datafield>
  <datafield tag="041" ind1=" " ind2=" ">
    <subfield code="a">it</subfield>
  </datafield>
  <datafield tag="100" ind1=" " ind2=" ">
    <subfield code="a">Infrasca Roberto</subfield>
  </datafield>
  <datafield tag="245" ind1=" " ind2="0">
    <subfield code="a">La cultura dell'impersonalit&#xE0;</subfield>
  </datafield>
  <datafield tag="250" ind1=" " ind2=" ">
    <subfield code="a">1a ed.</subfield>
  </datafield>
  <datafield tag="260" ind1=" " ind2=" ">
    <subfield code="a"> Roma</subfield>
    <subfield code="b">Magi</subfield>
    <subfield code="c">2009</subfield>
  </datafield>
  <datafield tag="300" ind1=" " ind2=" ">
    <subfield code="a">pp. 270</subfield>
  </datafield>
  <datafield tag="500" ind1=" " ind2=" ">
    <subfield code="a"> / persona, societ&#xE0;, cultura, formazione-personalit&#xE0;, pubblicit&#xE0;, devianza, assenza-padre, psicoanalisi, maternit&#xE0;, paternit&#xE0; / Gli scenari socioculturali degli ultimi due decenni hanno prodotto - a livello micro e macro-sociale - rilevanti modificazioni nel modello psicologico, cognitivo e comportamentale dell'individuo. Tali trasformazioni hanno introdotto modalit&#xE0; culturali, concettuali, relazionali ed esistenziali che rappresentano un fenomeno sconosciuto e preoccupante: le relazioni umane assomigliano sempre pi&#xF9; a quelle elaborate e indotte da criteri automatici e commerciali, mentre le persone basano la propria sicurezza tenendosi vicino alla moltitudine, alle regole, valori e comportamenti impersonali, veicolati incessantemente dai mass-media e adottati largamente dalla societ&#xE0;. Il sotteso vuoto comunicativo rispecchia l'arresto della maturazione intrapsichica e interpersonale dell'uomo il quale, nel tentativo di avvicinarsi agli altri, rimane disperatamente solo. Studioso delle problematiche dello sviluppo psicologico della persona, l'A. rende evidenti i grandi problemi della vita quotidiana delle persone. La sua analisi &#xE8; volta a evidenziare i fattori e i fenomeni che hanno originato e organizzato la struttura sociale, culturale e psico-comportamentale dell'entit&#xE0; qui definita "uomo postmoderno".</subfield>
  </datafield>
  <datafield tag="650" ind1=" " ind2=" ">
    <subfield code="a"> Dinamiche familiari / persona</subfield>
    <subfield code="e">001</subfield>
  </datafield>
  <datafield tag="942" ind1=" " ind2=" ">
    <subfield code="c">BK</subfield>
  </datafield>
  <datafield tag="957" ind1=" " ind2=" ">
    <subfield code="7">1</subfield>
  </datafield>
  <datafield tag="999" ind1=" " ind2=" ">
    <subfield code="a">47629</subfield>
    <subfield code="b">si</subfield>
    <subfield code="g">1</subfield>
    <subfield code="c">210346</subfield>
    <subfield code="d">210346</subfield>
  </datafield>
  <datafield tag="952" ind1=" " ind2=" ">
    <subfield code="0">0</subfield>
    <subfield code="1">0</subfield>
    <subfield code="4">0</subfield>
    <subfield code="6">B_667547629</subfield>
    <subfield code="7">1</subfield>
    <subfield code="a">CISF</subfield>
    <subfield code="b">CISF</subfield>
    <subfield code="d">2016-10-14</subfield>
    <subfield code="l">0</subfield>
    <subfield code="o">b6675-47629 </subfield>
    <subfield code="r">2016-10-14 00:00:00</subfield>
    <subfield code="w">2016-10-14</subfield>
    <subfield code="y">BK</subfield>
    <subfield code="z">Data import 15.10.2016 / by Epidotti, Vaglietti</subfield>
  </datafield>
</record>
